000 00827nmm a2200265 a 4500
001 ocm000713077
003 TR-IsHL
005 20201028123929.0
008 130902s1995 tu tur
007 cr cn
020 _a9789754820157
035 _a713077
_b(N$T)
050 0 4 _aQD75.2
_bB57 1995
090 0 4 _aQD75.2
_bB57 1995
100 1 _aBiryol, İnci
245 1 0 _aAnalitik kimya ders kitabı (1995)
_h[electronic resource] /
_cİnci Biryol
260 _aAnkara :
_bAnkara Üniversitesi Eczacılık Fakültesi,
_c1995
300 _a294 p.
650 4 _aKimya
650 4 _aChemistry
650 0 _aKimya, Analitik
650 0 _aChemistry, Analytic
650 7 _aSCIENCE / Chemistry / Analytic
_2bisacsh
856 4 0 _uhttp://search.ebscohost.com/login.aspx?direct=true&scope=site&db=e011xww&AN=713077
999 _c2678
_d2678